000 00397nam a22001217a 4500
082 _a200 THE
100 _aImran Ahsan
_915612
245 _aTH-SOF-1461-Automated Test Case Generation from User Specifications using Natural Language Processing
260 _aIslamabad
_bNUST College of EME
_c2017
650 _aMS-CSE-14 MSTHESIS
700 _aSupervisor Dr. Wasi Haider Butt
_969491
942 _cCF
999 _c577396
_d577396